New profits from the monetary crisis
Gardado en:
| Autor Principal: | |
|---|---|
| Formato: | Libro |
| Idioma: | Undetermined |
| Publicado: |
New York
Wanner Communications
1978
|
| Những chủ đề: | |
| Các nhãn: |
Engadir etiqueta
Sen Etiquetas, Sexa o primeiro en etiquetar este rexistro!
|
| Thư viện lưu trữ: | Trung tâm Học liệu Trường Đại học Cần Thơ |
|---|
| LEADER | 00495nam a2200181Ia 4500 | ||
|---|---|---|---|
| 001 | CTU_99526 | ||
| 008 | 210402s9999 xx 000 0 und d | ||
| 082 | |a 332.6 | ||
| 082 | |b B877 | ||
| 100 | |a Browne, Harry | ||
| 245 | 0 | |a New profits from the monetary crisis | |
| 245 | 0 | |c Harry Browne | |
| 260 | |a New York | ||
| 260 | |b Wanner Communications | ||
| 260 | |c 1978 | ||
| 650 | |a Investments,Currency question | ||
| 904 | |i Tuyến | ||
| 980 | |a Trung tâm Học liệu Trường Đại học Cần Thơ | ||